Historia 2: Bachillerato

محفوظ في:
التفاصيل البيبلوغرافية
المؤلفون الرئيسيون: Prats Cuevas, Joaquim (مؤلف), Castelló Traver, José Emilio (مؤلف), Fernández Cuadrado, Manuel (مؤلف), García Abadía, María Camino (مؤلف), Loste Rodríguez, María Antonieta (مؤلف), Trepat Carbonell, Cristòfol-A (مؤلف), Valdeón Baruque, Julio (مؤلف)
التنسيق: كتاب
اللغة:الإسبانية
منشور في: Madrid Anaya 2003
سلاسل:Andalucía
الموضوعات:
الوسوم: إضافة وسم
لا توجد وسوم, كن أول من يضع وسما على هذه التسجيلة!

MARC

LEADER 00000nam a2200000 a 4500
001 UCK4126
003 CL-VaPUC
008 050520e20030000SP |||||||||||||||||spa|d
020 |a 8466722343 
082 0 4 |a 909.0712  |b PRA  |2 21 
100 0 |a Prats Cuevas, Joaquim  |e author  |9 492529 
700 0 |a Castelló Traver, José Emilio  |e author  |9 492530 
700 0 |a Fernández Cuadrado, Manuel  |e author  |9 492531 
700 0 |a García Abadía, María Camino  |e author  |9 492532 
700 0 |a Loste Rodríguez, María Antonieta  |e author  |9 492533 
700 0 |a Trepat Carbonell, Cristòfol-A  |e author  |9 492534 
700 0 |a Valdeón Baruque, Julio  |e author  |9 492535 
245 1 0 |a Historia 2: Bachillerato 
300 |a 443 p 
942 |c BK 
945 |d 20050520 00:00:00  |a cmena 
260 |a Madrid  |b Anaya  |c 2003 
500 |a Incluye CD-Rom 
650 0 |a Ciencias sociales   |9 256351 
650 0 |a Historia  |9 255047 
583 |a last modification  |c 20120301 11:33:32  |k Rodrigo Vera 
490 0 |a Andalucía 
999 |c 313082  |d 313080 
952 |0 0  |1 0  |4 0  |6 909_071200000000000_PRA_2003  |7 0  |8 A  |9 384170  |a BIBHIS  |b BIBHIS  |d 2019-11-22  |i 4116615  |o 909.0712 PRA 2003  |p 4116615  |r 2025-01-20  |w 2019-11-22  |y BK  |k HIS